|
|
|
|
| LEADER |
00771cam a2200229 7i4500 |
| 001 |
0000006904 |
| 005 |
19991025090000.0 |
| 002 |
##000008625 |
| 020 |
0 |
0 |
|a T000006487
|
| 090 |
0 |
0 |
|a P 641.33
|b GRA
|
| 245 |
0 |
0 |
|a Grains & pulses :
|b a compact survey of the Netherlands and other major markets in the European Union.
|
| 260 |
0 |
0 |
|a Rotterdam:
|b CBI,
|c 1998.
|
| 300 |
0 |
0 |
|a 99 p..
|
| 650 |
0 |
0 |
|a Grains --
|x Markets --
|z Netherlands
|
| 650 |
0 |
0 |
|a Grains --
|x Markets --
|z European Union
|
| 650 |
0 |
0 |
|a Pulses --
|z Netherlands --
|z Markets
|
| 650 |
0 |
0 |
|a Pulses --
|x Markets --
|z European Union
|
| 650 |
0 |
0 |
|a Markets --
|z European Union
|
| 651 |
0 |
0 |
|a Netherlands
|
| 651 |
0 |
0 |
|a Europe
|
| 651 |
0 |
0 |
|a European Union
|
| 999 |
|
|
|a 0000010014
|b Book
|c Open shelf
|e Business Information Centre
|